<?xml version="1.0" encoding="UTF-8"?>
<record
    xmlns:xsi="http://www.w3.org/2001/XMLSchema-instance"
    xsi:schemaLocation="http://www.loc.gov/MARC21/slim http://www.loc.gov/standards/marcxml/schema/MARC21slim.xsd"
    xmlns="http://www.loc.gov/MARC21/slim">

  <leader>00482nam a22001457a 4500</leader>
  <datafield tag="999" ind1=" " ind2=" ">
    <subfield code="c">57360</subfield>
    <subfield code="d">57360</subfield>
  </datafield>
  <controlfield tag="005">20200601154321.0</controlfield>
  <controlfield tag="008">200601c20182019ge ||||| |||| 00| 0 geo d</controlfield>
  <datafield tag="022" ind1=" " ind2=" ">
    <subfield code="a">22980490</subfield>
  </datafield>
  <datafield tag="041" ind1=" " ind2=" ">
    <subfield code="a">geo</subfield>
  </datafield>
  <datafield tag="245" ind1=" " ind2=" ">
    <subfield code="a">&#x42E;&#x436;&#x43D;&#x43E;&#x43A;&#x430;&#x432;&#x43A;&#x430;&#x437;&#x441;&#x43A;&#x438;&#x439; &#x42E;&#x440;&#x438;&#x434;&#x438;&#x447;&#x435;&#x441;&#x43A;&#x438;&#x439; &#x416;&#x443;&#x440;&#x43D;&#x430;&#x43B; =South Caucasus Law Journal :</subfield>
    <subfield code="b"> </subfield>
    <subfield code="c">&#x420;&#x435;&#x434;. &#x410;. &#x41C;&#x430;&#x43D;&#x430;&#x441;&#x44F;&#x43D;.</subfield>
  </datafield>
  <datafield tag="300" ind1=" " ind2=" ">
    <subfield code="a">V.</subfield>
  </datafield>
  <datafield tag="653" ind1=" " ind2=" ">
    <subfield code="a">&#x10E1;&#x10D0;&#x10DB;&#x10D0;&#x10E0;&#x10D7;&#x10D0;&#x10DA;&#x10D8;</subfield>
  </datafield>
  <datafield tag="700" ind1=" " ind2=" ">
    <subfield code="a">&#x41C;&#x430;&#x43D;&#x430;&#x441;&#x44F;&#x43D;,&#x410;.</subfield>
    <subfield code="e">&#x10E0;&#x10D4;&#x10D3;&#x10D0;&#x10E5;&#x10E2;&#x10DD;&#x10E0;&#x10D8;</subfield>
    <subfield code="9">8276</subfield>
  </datafield>
  <datafield tag="942" ind1=" " ind2=" ">
    <subfield code="2">udc</subfield>
    <subfield code="c">CR</subfield>
  </datafield>
  <datafield tag="952" ind1=" " ind2=" ">
    <subfield code="0">0</subfield>
    <subfield code="1">0</subfield>
    <subfield code="2">udc</subfield>
    <subfield code="4">0</subfield>
    <subfield code="7">2</subfield>
    <subfield code="9">89068</subfield>
    <subfield code="a">CPL</subfield>
    <subfield code="b">CPL</subfield>
    <subfield code="c">GEN</subfield>
    <subfield code="d">2020-06-01</subfield>
    <subfield code="h">&#x2116; 9 2018-2019</subfield>
    <subfield code="p">80618</subfield>
    <subfield code="r">2020-06-01</subfield>
    <subfield code="t">80618</subfield>
    <subfield code="w">2020-06-01</subfield>
    <subfield code="y">CR</subfield>
  </datafield>
  <datafield tag="952" ind1=" " ind2=" ">
    <subfield code="0">0</subfield>
    <subfield code="1">0</subfield>
    <subfield code="2">udc</subfield>
    <subfield code="4">0</subfield>
    <subfield code="7">2</subfield>
    <subfield code="9">89069</subfield>
    <subfield code="a">CPL</subfield>
    <subfield code="b">CPL</subfield>
    <subfield code="c">GEN</subfield>
    <subfield code="d">2020-06-01</subfield>
    <subfield code="h">&#x2116; 8 2017</subfield>
    <subfield code="p">80619</subfield>
    <subfield code="r">2020-06-01</subfield>
    <subfield code="t">80619</subfield>
    <subfield code="w">2020-06-01</subfield>
    <subfield code="y">CR</subfield>
  </datafield>
  <datafield tag="952" ind1=" " ind2=" ">
    <subfield code="0">0</subfield>
    <subfield code="1">0</subfield>
    <subfield code="2">udc</subfield>
    <subfield code="4">0</subfield>
    <subfield code="7">2</subfield>
    <subfield code="9">89070</subfield>
    <subfield code="a">CPL</subfield>
    <subfield code="b">CPL</subfield>
    <subfield code="c">GEN</subfield>
    <subfield code="d">2020-06-01</subfield>
    <subfield code="h">&#x2116; 7 2016</subfield>
    <subfield code="p">80620</subfield>
    <subfield code="r">2020-06-01</subfield>
    <subfield code="t">80620</subfield>
    <subfield code="w">2020-06-01</subfield>
    <subfield code="y">CR</subfield>
  </datafield>
</record>
